Atlas mondial de l'eau : (Record no. 14230)

000 -LEADER
fixed length control field 00828cem a22002414a 4500
020 ## - INTERNATIONAL STANDARD BOOK NUMBER
ISBN 2746705249
020 ## - INTERNATIONAL STANDARD BOOK NUMBER
ISBN 2746703343
040 ## - CATALOGING SOURCE
Transcribing agency DLC
082 00 - DEWEY DECIMAL CLASSIFICATION NUMBER
Classification number 333 AUT 2003 A065 Or.
100 1# - MAIN ENTRY--AUTHOR NAME
Personal name Diop, Salif.
245 10 - TITLE STATEMENT
Title Atlas mondial de l'eau :
Remainder of title une pénurie annoncée /
250 ## - EDITION STATEMENT
Edition statement Nouv. éd.
260 ## - PUBLICATION, DISTRIBUTION, ETC. (IMPRINT)
Place of publication Paris :
Name of publisher Autrement :
-- PNUE ;
Place of publication Caen :
Name of publisher Mémorial de Caen,
Year of publication 2003.
300 ## - PHYSICAL DESCRIPTION
Number of Pages 1 atlas (63, vii p.) :
Other physical details col. ill., col. maps ;
Dimensions 25 cm.
500 ## - GENERAL NOTE
General note "Avec un supplément sur l'eau en France"--Cover.
500 ## - GENERAL NOTE
General note Adaptation of English translation of: Vital water graphics : an overview of the state of the world's fresh and marine waters.
650 #0 - SUBJECT ADDED ENTRY--TOPICAL TERM
Topical Term Water-supply
650 #0 - SUBJECT ADDED ENTRY--TOPICAL TERM
Topical Term Water-supply
650 #0 - SUBJECT ADDED ENTRY--TOPICAL TERM
Topical Term Water conservation
650 #0 - SUBJECT ADDED ENTRY--TOPICAL TERM
Topical Term Water-supply
700 1# - ADDED ENTRY--PERSONAL NAME
Personal name Rekacewicz, Philippe.
942 ## - ADDED ENTRY ELEMENTS (KOHA)
Koha item type សៀវភៅភាសាអង់គ្លេស
952 ## - LOCATION AND ITEM INFORMATION (KOHA)
Withdrawn status [LOCAL, KOHA] 0
Holdings
Permanent Location Date acquired Koha item type Lost status Shelving location Barcode Current Location Full call number
Library Block A2017-10-10សៀវភៅភាសាអង់គ្លេស A065A21606Library Block A333 AUT 2003 A065 Or.
មជ្ឈមណ្ឌលឯការនៃសាកលវិទ្យាល័យភូមិន្ទកសិកម្មចំការដូង

Powered by Koha